Statistics for FIFA 16 Top 100

Click here to take the quiz!

General Stats

  • This quiz has been taken 908 times
  • The average score is 60 of 100

Answer Stats

RatingCountryClubAnswer% Correct
93PortgualReal MadridCristiano Ronaldo
99%
94ArgentinaFC BarcelonaLionel Messi
99%
90UruguayFC BarcelonaLuis Suarez
99%
89BelgiumChelseaEden Hazard
96%
90GermanyBayern MunchenManuel Neuer
96%
90NetherlandsBayern MunchenArjen Robben
95%
89SwedenParis Saint-GermainZlatan Ibrahimovic
95%
88BrazilFC BarcelonaNeymar
94%
88SpainFC BarcelonaIniesta
93%
87WalesReal MadridGareth Bale
91%
88BrazilParis Saint-GermainThiago Silva
91%
88SpainManchester CityDavid Silva
90%
87ArgentinaManchester CitySergio Aguero
90%
87PolandBayern MunchenRobert Lewandowski
89%
87GermanyReal MadridToni Kroos
89%
87FranceBayern MunchenFranck Ribery
88%
87ColombiaReal MadridJames Rodriguez
88%
87CroatiaReal MadridLuka Modric
87%
87GermanyArsenalMesut Ozil
85%
87SpainReal MadridSergio Ramos
83%
86ChileArsenalAlexis Sanchez
80%
86ChileBayern MunchenArturo Vidal
80%
87ItalyJuventusGiorgio Chiellini
79%
86FranceReal MadridKarim Benzema
79%
86EnglandManchester UnitedWayne Rooney
79%
87GermanyBayern MunchenJerome Boateng
78%
87SpainChelseaCesc Fabregas
77%
86GermanyBorussia DortmundMarco Reus
77%
86ArgentinaBoca JuniorsCarlos Tevez
75%
86GermanyBorussia DortmundMats Hummels
75%
85UruguayParis Saint-GermainEdinson Cavani
74%
86BelgiumManchester CityKevin De Bruyne
74%
86FranceJuventusPaul Pogba
74%
85Czech RepublicArsenalPetr Cech
74%
86BelgiumChelseaThibaut Courtois
74%
85Ivory CoastManchester CityYaya Toure
74%
85AustriaBayern MunchenDavid Alaba
73%
87GermanyBayern MunchenPhilipp Lahm
73%
85BelgiumManchester CityVincent Kompany
72%
86GermanyManchester UnitedBastian Schweinsteiger
71%
86SpainManchester UnitedDe Gea
70%
85UruguayAtletico de MadridDiego Godin
69%
85ArgentinaParis Saint-GermainAngel Di Maria
68%
84BrazilZenit St. PetersburgHulk
68%
86SpainFC BarcelonaSergio Busquets
67%
85EnglandChelseaJohn Terry
66%
86GermanyBayern MunchenThomas Muller
66%
85SpainFC BarcelonaPique
65%
86SpainChelseaDiego Costa
63%
84BrazilLiverpoolCoutinho
62%
84CroatiaFC BarcelonaIvan Rakitic
62%
84FranceTottenham HotspurHugo Lloris
61%
84PortugalReal MadridPepe
61%
85SpainArsenalSanti Cazorla
61%
84SpainManchester UnitedJuan Mata
58%
84ItalyParis Saint-GermainMarco Verratti
58%
84Bosnia & HerzegovinaRomaMiralem Pjanic
57%
84SerbiaChelseaNemanja Matic
57%
84ArgentinaNapoliGonzalo Higuain
56%
84SpainFC Barc elonaJordi Alba
54%
84EnglandLos Angeles GalaxySteven Gerrard
54%
84FranceOlympique LynnaisAlexandre Lacazette
53%
84ItalyNew York City FCAndrea Pirlo
51%
85BrazilVfL WolfsburgNaldo
51%
84NetherlandsFenerbahce SKRobin van Persie
50%
84ItalyJuventusGianluigi Buffon
49%
84SpainBayern MunchenJavi Martinez
48%
84BrazilChelseaOscar
48%
84ArgentinaManchester CityNicolas Otamendi
44%
84ColombiaAtletico de MadridJackson Martinez
42%
84NetherlandsGalatasaray SKWesley Sneijder
41%
84GermanyBayer 04 LeverkusenBernd Leno
40%
83DenmarkTottenham HotspurChristian Eriksen
39%
84BrazilFC BarcelonaDani Alves
39%
83SlovakiaNapoliMarek Hamsik
39%
84MoroccoBayern MunchenMehdi Benatia
39%
83FranceAtletico de MadridAntoine Griezmann
38%
84SpainFC PortoCasillas
38%
84SpainBayern MunchenXabi Alonso
36%
83ColombiaChelseaFalcao
34%
84ArgentinaParis Saint-GermainJavier Pastore
34%
83BrazilReal MadridMarcelo
34%
84GermanyBayern MunchenMario Gotze
34%
83GreeceBorussia DortmundSokratis
33%
84SpainReal MadridIsco
31%
83SpainAtletico de MadridKoke
31%
84FranceParis Saint-GermainBlaise Matuidi
30%
83BrazilParis Saint-GermainDavid Luiz
30%
84ItalyJuventusClaudio Marchisio
29%
83EnglandLiverpoolDaniel Sturridge
29%
83EnglandManchester CityJoe Hart
29%
83GermanyJuventusSami Khedira
29%
84BrazilInterMiranda
28%
84ItalyJuventusAndrea Barzagli
27%
83EnglandEvertonLeighton Baines
25%
83BrazilVfL WolfsburgLuiz Gustavo
21%
83SpainChelseaPedro
20%
83FranceOlympique de MarseilleSteve Mandanda
20%
83BrazilValencia CFDiego Alves
18%
83GermanyFC Schalke 04Benedikt Howedes
13%

Score Distribution

Percentile by Number Answered

Percent of People with Each Score

Your Score History

You have not taken this quiz